Almacenamiento de carbono en ecosistemas terrestres para mitigar el cambio climático global (Registro nro. 5463)
[ vista simple ]
| 000 -CABECERA | |
|---|---|
| Campo de control | 00973nam a2200289 a 4500 |
| 005 - FECHA Y HORA DE LA ULTIMA TRANSACCION | |
| Campo de control | 20180226165107.0 |
| 008 - ELEMENTOS DE LONGITUD FIJA—INFORMACION GENERAL | |
| Campo de control | 170911b2006 ck ||||| |||| 00| 0 spa d |
| 020 ## - ISBN | |
| ISBN | 9589386490 |
| 040 ## - FUENTE DE CATALOGACIÓN | |
| Agencia catalogadora original | CO-BoIAVH |
| Agencia transcriptora | CO-BoIAVH |
| 041 ## - IDIOMA | |
| Código de idioma para texto/pista de sonido o título separado | Español |
| 044 ## - PAÍS DE PUBLICACIÓN | |
| País de publicación | Colombia |
| 082 ## - NUMERO DE CLASIFICACION DECIMAL DEWEY | |
| Número de clasificación | 363.7 |
| Número del ítem | A53a |
| 100 ## - ASIENTO PRINCIPAL--NOMBRE PERSONAL | |
| Nombre personal | Amézquita, María Cristina |
| 9 (RLIN) | 33146 |
| 245 10 - MENCION DE TITULO | |
| Título | Almacenamiento de carbono en ecosistemas terrestres para mitigar el cambio climático global |
| 260 ## - PUBLICACION, DISTRIBUCION, ETC. (PIE DE IMPRENTA) | |
| Lugar de publicación, distribución, etc. | s.c. |
| Nombre del editor, distribuidor, etc. | CIPAV |
| -- | CIAT |
| -- | CATIE |
| -- | Wageningen University |
| Fecha de publicación, distribución, etc. | 2006? |
| 300 ## - DESCRIPCION FISICA | |
| Extensión | 68 páginas |
| Dimensiones | 21 x 16 |
| 650 14 - ASIENTO SECUNDARIO DE MATERIA - TERMINO TEMATICO | |
| Término temático o nombre geográfico como elemento de entrada | Cambio climático |
| Subdivisión de forma | Mitigación |
| 9 (RLIN) | 89917 |
| 650 14 - ASIENTO SECUNDARIO DE MATERIA - TERMINO TEMATICO | |
| Término temático o nombre geográfico como elemento de entrada | Sistemas silvopastoriles |
| Subdivisión de forma | Monitoreo |
| 9 (RLIN) | 89918 |
| 650 14 - ASIENTO SECUNDARIO DE MATERIA - TERMINO TEMATICO | |
| Término temático o nombre geográfico como elemento de entrada | Carbono |
| Subdivisión de forma | Suelos |
| 9 (RLIN) | 89919 |
| 650 14 - ASIENTO SECUNDARIO DE MATERIA - TERMINO TEMATICO | |
| Término temático o nombre geográfico como elemento de entrada | Pasturas |
| Subdivisión de forma | Potreros |
| 9 (RLIN) | 89920 |
| 650 14 - ASIENTO SECUNDARIO DE MATERIA - TERMINO TEMATICO | |
| Término temático o nombre geográfico como elemento de entrada | Usos de la tierra |
| Subdivisión de forma | Conservación |
| 9 (RLIN) | 89921 |
| 700 ## - ASIENTO SECUNDARIO - NOMBRE PERSONAL | |
| Nombre personal | Murgueitio R., Enrique |
| 9 (RLIN) | 89922 |
| 700 ## - ASIENTO SECUNDARIO - NOMBRE PERSONAL | |
| Nombre personal | Cuartas, César Augusto |
| 9 (RLIN) | 84254 |
| 700 ## - ASIENTO SECUNDARIO - NOMBRE PERSONAL | |
| Nombre personal | Gómez, Maria Elena |
| 9 (RLIN) | 3776 |
| 942 ## - ELEMENTOS ADICIONALES (KOHA) | |
| Tipo de ítem | Libro |
| Sistema de clasificación | Dewey Decimal Classification |
| 945 ## - PROCESAMIENTO LOCAL | |
| AAAA-MM-DD - Fecha de ingreso o modificacion | 2007-03-14 |
| Withdrawn status | Lost status | Sistema de Clasificación | Damaged status | No para préstamo | Colección | Inventariado | Ubicación Permanente | Ubicación actual | Fecha de adquisición | Fuente de Valor | Valor | Total Checkouts | Número topográfico | Inventario / Código de Barras | Date last seen | Ejemplar | Price effective from | Forma de adquisición | Tipo de material |
|---|---|---|---|---|---|---|---|---|---|---|---|---|---|---|---|---|---|---|---|
| Dewey Decimal Classification | General | Inventariado 2017 | Sala Fabio Quevedo | Sala Fabio Quevedo | 13/03/2007 | Instituto | 30000.00 | LB-363.7 A53a | 023972 | 04/12/2012 | Ej.1 | 04/12/2012 | Donación | Libro | |||||
| Dewey Decimal Classification | General | Inventariado 2017 | Sala Fabio Quevedo | Sala Fabio Quevedo | 11/09/2017 | Instituto | 30000.00 | LB-363.7 A53a | 025499 | 04/12/2012 | Ej.2 | 04/12/2012 | Donación | Libro |